Istoria Bucureștilor

Saved in:
Bibliographic Details
Main Author: Iorga, Nicolae, 1871-1940.
Format: Book
Language:Romanian
Published: București [Impr. Natională] 1939.
Subjects:
Tags: Add Tag
No Tags, Be the first to tag this record!
LEADER 00597nam a2200205K 4500
001 000347315-5
005 20020606090541.3
008 930222s1939 rm a b 000 0 rumod
035 0 |a ocm27481289 
040 |a CUY  |c CUY  |d HLS 
043 |a e-rm--- 
090 |a DR286  |b .I67 
100 1 |a Iorga, Nicolae,  |d 1871-1940. 
245 1 0 |a Istoria Bucureștilor  |c [de] N. Iorga. Ediția Municipiului București. 
260 |a București  |b [Impr. Natională]  |c 1939. 
300 |a 397 p.  |b illus. 
504 |a Bibliographical footnotes. 
651 0 |a Bucharest (Romania)  |x History. 
988 |a 20020608 
906 |0 OCLC